[Event "Monteros U2300 op"]
[Site "Monteros"]
[Date "2019.05.25"]
[Round "3"]
[White "Belmonte, Dulce"]
[Black "Cuellar, Gustavo Alberto"]
[Result "1-0"]
[WhiteElo "1634"]
[BlackElo "1850"]
[PlyCount "83"]
[EventDate "2019.05.25"]
[EventType "swiss"]
[EventRounds "6"]
[EventCountry "ARG"]
[SourceTitle "CBM 190 Extra"]
[Source "ChessBase"]
[SourceDate "2019.07.15"]
[SourceVersion "1"]
[SourceVersionDate "2019.07.15"]
[SourceQuality "1"]

1. d4 Nf6 2. c4 c5 3. d5 d6 4. Nc3 g6 5. Nf3 Bg7 6. e4 0-0 7. h3 e6 8. Be2 exd5 9. exd5 Re8 10. 0-0 Bf5 11. Bd3 Bxd3 12. Qxd3 Na6 13. a3 Nc7 14. Rb1 a6 15. Bf4 b5 16. b3 b4 17. axb4 cxb4 18. Na4 Rb8 19. Nd4 Nh5 20. Bh2 Bxd4 21. Qxd4 Ng7 22. Qf4 Re5 23. Qd2 Rh5 24. Rfe1 Qf6 25. Qf4 Qxf4 26. Bxf4 Rd8 27. Re7 Nge8 28. Rbe1 Kf8 29. R1e2 g5 30. Bd2 Rb8 31. Rd7 f6 32. Ree7 Rb7 33. Be3 Nxd5 34. Rf7+ Kg8 35. Rxb7 Nxe3 36. fxe3 d5 37. cxd5 Nd6 38. Rg7+ Kh8 39. Ra7 Nb5 40. d6 Nxa7 41. Rxa7 g4 42. d7 1-0

[Event "Monteros U2300 op"]
[Site "Monteros"]
[Date "2019.05.25"]
[Round "2"]
[White "Cuellar, Gustavo Alberto"]
[Black "Vallejo, Miguel Antonio"]
[Result "1/2-1/2"]
[WhiteElo "1850"]
[BlackElo "1696"]
[PlyCount "149"]
[EventDate "2019.05.25"]
[EventType "swiss"]
[EventRounds "6"]
[EventCountry "ARG"]
[SourceTitle "CBM 190 Extra"]
[Source "ChessBase"]
[SourceDate "2019.07.15"]
[SourceVersion "1"]
[SourceVersionDate "2019.07.15"]
[SourceQuality "1"]

1. d4 Nf6 2. c4 e6 3. Nf3 Bb4+ 4. Nc3 c5 5. a3 Bxc3+ 6. bxc3 Qa5 7. Bd2 Ne4 8. e3 Nxd2 9. Qxd2 0-0 10. Bd3 Nc6 11. 0-0 cxd4 12. exd4 d6 13. Rfd1 Ne7 14. Qg5 Qxg5 15. Nxg5 h6 16. Ne4 Rd8 17. c5 dxc5 18. Nxc5 b6 19. Be4 Rb8 20. Nd3 Bb7 21. Bxb7 Rxb7 22. a4 Rc7 23. Rac1 Rdc8 24. a5 Rxc3 25. Rxc3 Rxc3 26. axb6 axb6 27. g3 Nd5 28. Ne5 b5 29. Ra1 Rc8 30. Ra7 f6 31. Nd3 Nc3 32. Kf1 Rd8 33. Nc5 Rxd4 34. Rxg7+ Kh8 35. Rg6 b4 36. Rxf6 Ne4 37. Rxh6+ Kg7 38. Rh4 Rd1+ 39. Ke2 Nc3+ 40. Kf3 Nd5 41. Nxe6+ Kf6 42. Rd4 Rb1 43. Rxd5 Kxe6 44. Rb5 Kd6 45. Ke3 Kc6 46. Rb8 Kc5 47. Kd3 Rb3+ 48. Kc2 Rc3+ 49. Kb2 Rd3 50. h4 Kc4 51. Rc8+ Kb5 52. h5 Rd2+ 53. Rc2 Rd3 54. Re2 Ka4 55. g4 Rb3+ 56. Ka1 Rh3 57. Re3 Rh2 58. Rf3 Rh4 59. g5 Rxh5 60. g6 b3 61. Kb2 Rd5 62. Rf4+ Ka5 63. Kxb3 Rg5 64. Rf6 Kb5 65. Kc3 Kc5 66. Kd3 Kd5 67. Ra6 Rg1 68. Ra5+ Ke6 69. f4 Kf6 70. Ra6+ Kf5 71. Ke3 Rg3+ 72. Kf2 Rg4 73. Ke3 Rg3+ 74. Kd4 Rg4 75. Ke3 1/2-1/2

[Event "ARG-ch sf U300 Apertura Termas"]
[Site "Termas de Rio Hondo"]
[Date "2019.03.16"]
[Round "1.4"]
[White "Cuellar, Gustavo Alberto"]
[Black "Medina, Ricardo"]
[Result "1/2-1/2"]
[WhiteElo "1842"]
[BlackElo "2026"]
[PlyCount "73"]
[EventDate "2019.03.16"]
[EventType "swiss"]
[EventRounds "6"]
[EventCountry "ARG"]
[SourceTitle "EXT 2024"]
[Source "ChessBase"]
[SourceDate "2023.10.10"]
[SourceVersion "1"]
[SourceVersionDate "2023.10.10"]
[SourceQuality "1"]

1. d4 d5 2. c4 e6 3. Nf3 Nf6 4. Nc3 c6 5. e3 Be7 6. Bd3 dxc4 7. Bxc4 b5 8. Bd3 a6 9. 0-0 Bb7 10. e4 c5 11. dxc5 Bxc5 12. Qe2 Nbd7 13. a3 Rc8 14. Bf4 h6 15. Rad1 0-0 16. Qd2 Ng4 17. h3 Nxf2 18. Rxf2 Bxf2+ 19. Qxf2 Qe7 20. Qg3 Qc5+ 21. Kh2 Qh5 22. Be2 Nf6 23. Bd6 Rfe8 24. Ne5 Qg5 25. Qxg5 hxg5 26. Bf3 Red8 27. Ng4 Ne8 28. e5 Bxf3 29. gxf3 f5 30. Nf2 Nxd6 31. exd6 Rc6 32. d7 Rc7 33. Rd6 Rdxd7 34. Rxa6 Rd2 35. Kg2 Rxb2 36. Ncd1 Ra2 37. Ra5 1/2-1/2

[Event "Nicandro Memorial U2200 3rd"]
[Site "Santiago del Estero"]
[Date "2014.11.01"]
[Round "1.5"]
[White "Cuellar, Gustavo Alberto"]
[Black "Rodriguez, Luis Jose Lucio"]
[Result "0-1"]
[WhiteElo "1761"]
[BlackElo "1992"]
[PlyCount "76"]
[EventDate "2014.11.01"]
[EventType "swiss"]
[EventRounds "6"]
[EventCountry "ARG"]
[SourceTitle "EXT 2024"]
[Source "ChessBase"]
[SourceDate "2023.10.10"]
[SourceVersion "1"]
[SourceVersionDate "2023.10.10"]
[SourceQuality "1"]

1. d4 Nf6 2. c4 g6 3. Nc3 d5 4. Nf3 Bg7 5. e3 0-0 6. Be2 c5 7. 0-0 cxd4 8. Nxd4 e5 9. Nf3 e4 10. Nd4 dxc4 11. Bxc4 Qe7 12. Qb3 Nbd7 13. Rd1 Nc5 14. Qc2 Qe5 15. f4 exf3 16. Nxf3 Qe7 17. Nd5 Nxd5 18. Bxd5 Bf5 19. Qe2 Rad8 20. Qc4 Be4 21. a4 Rd7 22. Ra3 Rfd8 23. b4 Rxd5 24. Rxd5 Bxd5 25. Qxc5 Qxc5 26. bxc5 Bxf3 27. gxf3 Rd1+ 28. Kf2 Rxc1 29. Rb3 Rxc5 30. Rxb7 a5 31. Rb8+ Bf8 32. Ra8 Kg7 33. e4 Rc2+ 34. Ke3 Bb4 35. Kd3 Rxh2 36. e5 h5 37. Ra7 h4 38. e6 Kf6 0-1